Re:Zero Arcs (Anime Only) - Statistics

General Stats
  • This quiz has been taken 42 times
  • The average score is 3 of 5
Answer Stats
Season Arc Answer % Correct
Season 1 Arc 3 Return to the Royal Capital /Truth of Zero
74%
Season 2 Arc 4 The Everlasting Contract /The Sanctuary and the Witch of Greed
74%
Season 1 Arc 1 The Tumultuous First Day /A Day in the Royal Capital
50%
Season 3 Arc 5 The Stars That Engrave History /The Capital of Water and the Ballad of Heroes
44%
Season 1 Arc 2 The Turbulent Week /A Week at the Mansion
44%
No matching quizzes found
Score Distribution
Percent of People with Each Score
Percentile by Number Answered
Your Score History
You have not taken this quiz